000 00319nam a22001457a 4500
008 230502b ||||| |||| 00| 0 eng d
020 _a1558623957
041 _aeng
080 _2VOLUME 1
_a94
082 _a94FRA
100 _a28
101 _aHISTORI
245 _aHISTORY IN DISPUTE
_cFRANKEL.B
942 _2udc
_cBK
999 _c59649
_d59649